Online
Catalog

Memoria 2016 / (Record no. 58829)

MARC details
000 -CABECERA
campo de control de longitud fija 00966nas a2200253 a 4500
003 - IDENTIFICADOR DEL NÚMERO DE CONTROL
campo de control INTEC
005 - FECHA Y HORA DE LA ÚLTIMA TRANSACCIÓN
campo de control 20250611115129.0
007 - CAMPO FIJO DE DESCRIPCIÓN FÍSICA--INFORMACIÓN GENERAL
campo de control de longitud fija ta
008 - DATOS DE LONGITUD FIJA--INFORMACIÓN GENERAL
campo de control de longitud fija 171116e2016 dr a||p|r||||||0| | spa d
040 ## - FUENTE DE LA CATALOGACIÓN
Centro catalogador/agencia de origen DO-SdINT
Lengua de catalogación spa
Normas de descripción rda
Centro/agencia transcriptor DO-SdINT
Centro/agencia modificador DO-SdBNP
041 ## - CÓDIGO DE LENGUA
Código de lengua del texto/banda sonora o título independiente spa
044 ## - CÓDIGO DEL PAÍS DE LA ENTIDAD EDITORA/PRODUCTORA
Código MARC del país dr
Código ISO del país DO
110 ## - ENTRADA PRINCIPAL--NOMBRE DE ENTIDAD CORPORATIVA
9 (RLIN) 39540
Nombre de entidad corporativa o nombre de jurisdicción como elemento de entrada República Dominicana. Tribunal Constitucional
245 ## - MENCIÓN DE TÍTULO
Título Memoria 2016 /
Mención de responsabilidad, etc. República Dominicana. Tribunal Constitucional de la República Dominicana
264 #1 - PRODUCCIÓN, PUBLICACIÓN, DISTRIBUCIÓN, FABRICACIÓN Y COPYRIGHT
Producción, publicación, distribución, fabricación y copyright Santo Domingo, República Dominicana :
Nombre del de productor, editor, distribuidor, fabricante Tribunal Constitucional de la República Dominicana,
Fecha de producción, publicación, distribución, fabricación o copyright 2016.
300 ## - DESCRIPCIÓN FÍSICA
Extensión volumen :
Otras características físicas ilustraciones, fotografías, gráficas, tablas ;
Dimensiones 28 centímetros.
Material acompañante/anejo +1 CD
310 ## - PERIODICIDAD ACTUAL
Periodicidad actual Anual.
336 ## - TIPO DE CONTENIDO
Término de tipo de contenido texto
Código de tipo de contenido txt
Fuente rdacontent
337 ## - TIPO DE MEDIO
Nombre/término del tipo de medio sin mediación
Código del tipo de medio n
Fuente rdamedia
338 ## - TIPO DE SOPORTE
Nombre/término del tipo de soporte volumen
Código del tipo de soporte nc
Fuente rdacarrier
362 ## - FECHAS DE PUBLICACIÓN Y/O DESIGNACIÓN SECUENCIAL
Fecha de publicación y/o designación secuencial Año 2016.
650 #7 - PUNTO DE ACCESO ADICIONAL DE MATERIA--TÉRMINO DE MATERIA
9 (RLIN) 38742
Término de materia o nombre geográfico como elemento de entrada Tribunales constitucionales
Subdivisión geográfica República Dominicana
Subdivisión de forma Publicaciones periódicas
942 ## - ELEMENTOS DE PUNTO DE ACCESO ADICIONAL (KOHA)
Fuente del sistema de clasificación o colocación Dewey Decimal Classification
Tipo de ítem Koha Publicación periódica
Holdings
Estado de retiro Estado de pérdida Fuente del sistema de clasificación o colocación Estado dañado Restricciones de uso No para préstamo Código de colección Localización permanente Ubicación/localización actual Fecha de adquisición Enumeración/cronología de publicación seriada Total de préstamos Código de barras Fecha visto por última vez Número de copia Precio válido a partir de Tipo de ítem Koha Nota pública
    Dewey Decimal Classification   Préstamo en sala   Hemeroteca Biblioteca Nacional Pedro Henríquez Ureña Biblioteca Nacional Pedro Henríquez Ureña 28.04.2025 Año 2016   2025-3728 28.04.2025 e.1 28.04.2025 Publicación periódica Memoria.
    Dewey Decimal Classification   Préstamo en sala   Hemeroteca Biblioteca Nacional Pedro Henríquez Ureña Biblioteca Nacional Pedro Henríquez Ureña 13.05.2025 Año 2016   2025-4214 13.05.2025 e.2 13.05.2025 Publicación periódica  
    Dewey Decimal Classification   Préstamo en sala   Hemeroteca Biblioteca Nacional Pedro Henríquez Ureña Biblioteca Nacional Pedro Henríquez Ureña 13.05.2025 Año 2017   2025-4215 13.05.2025 e.1 13.05.2025 Publicación periódica Bicentenario del natalicio de Francisco del Rosario Sánchez.
    Dewey Decimal Classification   Préstamo en sala   Hemeroteca Biblioteca Nacional Pedro Henríquez Ureña Biblioteca Nacional Pedro Henríquez Ureña 13.05.2025 Año 2017   2025-4216 13.05.2025 e.2 13.05.2025 Publicación periódica Bicentenario del natalicio de Francisco del Rosario Sánchez.
    Dewey Decimal Classification   Préstamo en sala   Hemeroteca Biblioteca Nacional Pedro Henríquez Ureña Biblioteca Nacional Pedro Henríquez Ureña 13.05.2025 Año 2017   2025-4217 13.05.2025 e.3 13.05.2025 Publicación periódica Bicentenario del natalicio de Francisco del Rosario Sánchez.

Powered by Koha